Data Structures (Record no. 350340)
[ view plain ]
| 000 -LEADER | |
|---|---|
| fixed length control field | 00536nam a2200181Ia 4500 |
| 008 - FIXED-LENGTH DATA ELEMENTS--GENERAL INFORMATION | |
| fixed length control field | 230718s9999 xx 000 0 und d |
| 020 ## - INTERNATIONAL STANDARD BOOK NUMBER | |
| International Standard Book Number | 9788131503140 |
| 041 ## - LANGUAGE CODE | |
| Language code of text/sound track or separate title | eng |
| 082 ## - DEWEY DECIMAL CLASSIFICATION NUMBER | |
| Classification number | 005.73 |
| Item number | GIL |
| 100 ## - MAIN ENTRY--PERSONAL NAME | |
| Personal name | Gilberg R.F. |
| 9 (RLIN) | 133084 |
| 245 ## - TITLE STATEMENT | |
| Title | Data Structures |
| Remainder of title | A Pseudocode Approach With C |
| 250 ## - EDITION STATEMENT | |
| Edition statement | 2nd ed. |
| 260 ## - PUBLICATION, DISTRIBUTION, ETC. (IMPRINT) | |
| Date of publication, distribution, etc. | 2019 |
| Name of publisher, distributor, etc. | Cengage Learning |
| 300 ## - PHYSICAL DESCRIPTION | |
| Extent | 720 |
| Accompanying material [OBSOLETE, CAN/MARC] | Ref 20 IT (33013) |
| 365 ## - TRADE PRICE | |
| Currency code | Rs. |
| Price amount | 650.00 |
| 700 ## - ADDED ENTRY--PERSONAL NAME | |
| Personal name | Gilberg R.F. & Forouzan B.A. |
| 9 (RLIN) | 187360 |
| 906 ## - LOCAL DATA ELEMENT F, LDF (RLIN) | |
| d | O:0662111-Sep-2019B:960309-Sep-2019 |
| c | SITBB |
| b | 487.5 |
| Withdrawn status | Lost status | Damaged status | Not for loan | Home library | Current library | Date acquired | Vendor | Budget Code | Cost, normal purchase price | Bill number | Total Checkouts | Full call number | Barcode | Date last seen | Date last checked out | Discount | Cost, replacement price | Bill Date | Koha item type | Original Barcode |
|---|---|---|---|---|---|---|---|---|---|---|---|---|---|---|---|---|---|---|---|---|
| Cummins College of Engineering for Women Pune | Cummins College of Engineering for Women Pune | 11/09/2019 | The Forward Books | SITBB | 487.50 | 9603 | 2 | 005.73 | CCEP-BK-61547 | 02/12/2025 | 12/08/2025 | 487.5 | 650.00 | 09/09/2019 | Books | 061547 |